Československo posuvná automapa /

Other Authors: Vajdlová, Eva
Language: Czech
Published: Praha : Kartografické nakladatelství, 1967
Edition: 1. vyd.
Physical Description: 1 list ; 14 x 29 cm, s posuvnou vložkou
Map
Saved in:
LEADER 00663nem a22001932a 4500
001 000545010
003 CZ BrMZK
005 20000105143423.0
008 000105s1967 xr f cze d
040 |a BOA001  |b cze 
245 0 0 |a Československo  |h [kartografický dokument] :  |b posuvná automapa /  |c odp. red. Eva Vajdlová 
250 |a 1. vyd. 
255 |a Měř. 1:3 000 000 
260 |a Praha :  |b Kartografické nakladatelství,  |c 1967 
300 |a 1 list ;  |c 14 x 29 cm, s posuvnou vložkou 
700 1 |a Vajdlová, Eva 
910 |a BOA001  |b Mp4-0653.614 
990 |a MP 
996 6 |b 2619733519  |c Mp4-0653.614  |l MZK  |r Sklad / do 1 hodiny  |n 0  |w 000545010  |u 000010  |a 1  |e BOA001  |j MZK50  |s P